Design and strategy for corporate information services : MIS long-range planning /

Bibliographic Details
Main Author: Long, Larry E.
Format: Book
Language:English
Published: Englewood Cliffs, NJ : Prentice-Hall, [1982]
Subjects:

MARC

Tag First Indicator Second Indicator Subfields
LEADER 00000pam a2200000 a 4500
001 in00000092771
005 20150923173238.0
008 810818s1982 njua 00110 eng
010 |a  81013931  
020 |a 0132017075 
035 |a (OCoLC)07734432 
035 |9 AAK7774AM 
039 0 |a 2  |b 3  |c 3  |d 3  |e 3 
040 |a DLC  |c DLC  |d UtOrBLW 
049 |a TXAM  |c [985640] 
050 0 0 |a T58.6  |b  L66 
082 0 |a 658.4/0388  |2 19 
100 1 |a Long, Larry E. 
245 1 0 |a Design and strategy for corporate information services :  |b MIS long-range planning /  |c Larry E. Long. 
264 1 |a Englewood Cliffs, NJ :  |b Prentice-Hall,  |c [1982] 
264 4 |c ©1982 
300 |a xii, 186 pages :  |b illustrations ;  |c 24 cm. 
336 |a text  |b txt  |2 rdacontent 
337 |a unmediated  |b n  |2 rdamedia 
338 |a volume  |b nc  |2 rdacarrier 
500 |a Includes index. 
650 0 |a Management information systems. 
999 |a MARS 
999 f f |s 8d1fe3b8-f5ff-356a-b19e-1b6da97ace67  |i ba135388-6da4-397b-b5b5-0c2fcfbe693c  |t 0 
952 f f |p ric  |a Texas A&M University  |b Rellis Campus  |c Joint Library Facility  |d Remote Storage  |t 0  |e T58.6 L66  |h Library of Congress classification  |i unmediated -- volume  |m A14806280841 
998 f f |a T58.6 L66  |t 0  |l Remote Storage